000 02591cam a2200397I 4500
001 696100653
003 OCoLC
005 20150408114105.0
008 110109s2012 nju 000 0 eng d
020 _a9780132558679
020 _a013255867X
020 _a9780132597241
020 _a0132597241
035 _a(OCoLC)696100653
_z(OCoLC)741811261
040 _aBTCTA
_beng
_cBTCTA
_dYDXCP
_dEEK
_dAMP
_dMXC
050 4 _aRM125
_b.N78 2012
082 _222
_a615.1
_bPEN
245 0 0 _aPearson nurse's drug guide 2012 /
_c[edited by] Billie Ann Wilson, Margaret T. Shannon, Kelly M. Shields.
246 3 0 _aNurse's drug guide 2012.
260 _aUpper Saddle River, N.J. :
_bPearson Education,
_c2012.
300 _axviii, p. 1772 ;
_c20 cm.
504 _aIncludes bibliographical references (p. 1670) and index.
505 0 _aClassification scheme and prototype drugs -- Alphabetical entries for generic drugs -- Appendixes : A. Ocular medications, low molecular weight heparins, inhaled corticosteroids, and topical corticosteroids -- B. U.S. schedules of controlled substances -- C. FDA pregnancy categories -- D. Oral dosage forms that should not be crushed -- E. Prescription combination drugs -- F. Glossary of key terms, clinical conditions, and associated signs and symptoms -- G. Abbreviations -- H. Herbal and dietary supplement table -- I. Look-alike, sound-alike medications -- J. Vaccines -- Common drug IV-site compatibility chart.
520 _aFeatures of this book include: clearly identified IV preparation and administration, including push, continuous, or intermittent; explanation of clinically relevant drug interactions with food, herbals, and other drugs; pharmacological classifications paired with therapeutic classifications for every drug monograph for ease of use by clinicians and students; dosages across the life span with adjustments for clinically relevant conditions; glossary of clinical conditions and their related signs and symptoms; and prototype drugs.--From cover, p. [4]
650 0 _aDrugs
_vHandbooks, manuals, etc.
_94753
650 0 _aChemotherapy
_vHandbooks, manuals, etc.
_910855
650 0 _aNursing
_vHandbooks, manuals, etc.
650 1 2 _aDrug Therapy
_xnursing
_vHandbooks.
_95773
650 1 2 _aDrug Therapy
_xnursing
_vNurses' Instruction.
_911603
650 2 2 _aPharmaceutical Preparations
_vHandbooks.
_95772
650 2 2 _aPharmaceutical Preparations
_vNurses' Instruction.
_910856
700 1 _aWilson, Billie Ann.
_911590
700 1 _aShannon, Margaret T.
_911593
700 1 _aShields, Kelly M.
_911594
942 _2ddc
_cDVD
999 _c26522
_d261022